000 00863nam a2200241 i 4500
001 70863
003 ES-MaACL
005 20250809031657.0
007 t|
008 040803s19761983sp ||||1| spa d
020 _a84-400-9986-X
020 _a84-300-2295-3
100 1 _aGarrigues, Joaquín (
_d1899-1983)
_9162586
245 1 0 _aCurso de derecho mercantil /
_cJoaquín Garrigues.
260 _aMadrid :
_b[s.n.,
_c1976-1983] (
_fAguirre)
300 _a2 v. ;
_c24 cm.
500 _aEl t. 1 es la 7ª ed. rev. con la colaboración de Alberto Bercovitz ; el t. 2 es la 8ª ed. rev. con la colaboración de Fernando Sánchez Calero.
650 0 4 _aDerecho mercantil-
_zEspaña
_911735
700 1 _aBercovitz, Alberto.
_927856
700 1 _aSánchez Calero, Fernando.
_9102513
852 _aES-MaACL
_jL-8786-7
_bR.110558
999 _c70863
_d70863